[Event "Winnipeg TNT July op"]
[Site "Winnipeg CAN"]
[Date "2011.07.26"]
[Round "4"]
[White "Joven, Perfecto"]
[Black "Reimer, Bruce"]
[Result "1-0"]
[WhiteElo "2010"]
[BlackElo "1641"]
[PlyCount "89"]
[GameId "2160767909704140"]
[EventDate "2011.07.05"]
[EventType "swiss"]
[EventRounds "4"]
[EventCountry "CAN"]
[SourceTitle "EXT 2022"]
[Source "ChessBase"]
[SourceDate "2021.10.06"]
[SourceVersion "1"]
[SourceVersionDate "2021.10.06"]
[SourceQuality "1"]

1. e4 Nf6 2. e5 Nd5 3. c4 Nb6 4. d4 d6 5. f4 dxe5 6. fxe5 Nc6 7. Be3 Bf5 8. Nc3 e6 9. a3 a5 10. Nf3 Be7 11. Bd3 Bxd3 12. Qxd3 O-O 13. O-O f6 14. exf6 Bxf6 15. Rad1 Qe7 16. Ne4 Nd7 17. Nxf6+ Nxf6 18. Ng5 g6 19. Rf3 Ng4 20. Rh3 Nxe3 21. Qxe3 Rf5 22. Nxe6 Re8 23. Re1 Qf7 24. d5 Re5 25. Qd2 Rxe1+ 26. Qxe1 Nd4 27. Re3 Nc2 28. Qd2 Nxe3 29. Qxe3 Qf6 30. Qd2 Re7 31. h3 Rxe6 32. dxe6 Qxe6 33. Qd8+ Kf7 34. Qxc7+ Qe7 35. Qxe7+ Kxe7 36. Kf2 Kd6 37. b4 axb4 38. axb4 b6 39. Ke3 g5 40. Kd4 h5 41. g3 h4 42. gxh4 gxh4 43. Ke4 Ke6 44. Kf4 Kf6 45. Kg4 1-0

[Event "Winnipeg TNT July op"]
[Site "Winnipeg CAN"]
[Date "2011.07.26"]
[Round "4"]
[White "Lauritson, Jim"]
[Black "Lipic, Stephen"]
[Result "1-0"]
[WhiteElo "2023"]
[BlackElo "1850"]
[PlyCount "65"]
[GameId "2160767909704141"]
[EventDate "2011.07.05"]
[EventType "swiss"]
[EventRounds "4"]
[EventCountry "CAN"]
[SourceTitle "EXT 2022"]
[Source "ChessBase"]
[SourceDate "2021.10.06"]
[SourceVersion "1"]
[SourceVersionDate "2021.10.06"]
[SourceQuality "1"]

1. d4 c5 2. d5 e5 3. e4 d6 4. c4 f5 5. Nc3 Nf6 6. Bd3 fxe4 7. Nxe4 Be7 8. Nf3 Bg4 9. Be3 Nbd7 10. h3 Bh5 11. Neg5 Nf8 12. g4 h6 13. gxh5 hxg5 14. Qc2 Nxh5 15. Bg6+ Nxg6 16. Qxg6+ Kf8 17. Nxg5 Bxg5 18. Bxg5 Nf6 19. O-O-O Qe8 20. Qf5 Qf7 21. f4 Re8 22. Rde1 Nd7 23. Qg4 Nf6 24. Qg2 Nd7 25. fxe5 Rxe5 26. Rxe5 dxe5 27. Rf1 Nf6 28. Qf2 b6 29. Qf5 e4 30. b3 Kg8 31. Bxf6 Qxf6 32. Qc8+ Kh7 33. Qxh8+ 1-0

[Event "Winnipeg TNT July op"]
[Site "Winnipeg CAN"]
[Date "2011.07.26"]
[Round "4"]
[White "Li, Kevin"]
[Black "Kernetsky, Myron"]
[Result "1/2-1/2"]
[WhiteElo "2210"]
[BlackElo "1987"]
[PlyCount "86"]
[GameId "2160767909704142"]
[EventDate "2011.07.05"]
[EventType "swiss"]
[EventRounds "4"]
[EventCountry "CAN"]
[SourceTitle "EXT 2022"]
[Source "ChessBase"]
[SourceDate "2021.10.06"]
[SourceVersion "1"]
[SourceVersionDate "2021.10.06"]
[SourceQuality "1"]

1. e4 e6 2. d4 d5 3. Nc3 Bb4 4. e5 b6 5. Qg4 Bf8 6. Be3 Qd7 7. Bd3 Nc6 8. a3 Bb7 9. Qe2 O-O-O 10. Nf3 f6 11. exf6 gxf6 12. O-O-O Kb8 13. Rhe1 Re8 14. Bf4 Bh6 15. Qd2 Bg7 16. g4 a6 17. Kb1 Nge7 18. Bg3 Nc8 19. Bf1 Nd6 20. h3 Na7 21. g5 Nc6 22. gxf6 Bxf6 23. Ne5 Bxe5 24. Bxe5 Rhf8 25. f4 Nf5 26. Qf2 Rg8 27. Bd3 Ref8 28. Bxf5 Rxf5 29. Rg1 Rxg1 30. Rxg1 Nxe5 31. dxe5 Qf7 32. Rf1 a5 33. a4 Ba6 34. Nb5 Qf8 35. c3 Qe8 36. Nd6 cxd6 37. Qxb6+ Bb7 38. exd6 Rf7 39. Rg1 Qc8 40. f5 exf5 41. Re1 Qd7 42. Rg1 Rf8 43. Re1 Rf7 1/2-1/2

[Event "Winnipeg TNT July op"]
[Site "Winnipeg CAN"]
[Date "2011.07.26"]
[Round "4"]
[White "Melamedoff, Gustavo"]
[Black "Pottinger, Carl"]
[Result "1-0"]
[WhiteElo "2138"]
[BlackElo "1892"]
[PlyCount "100"]
[GameId "2160767909704143"]
[EventDate "2011.07.05"]
[EventType "swiss"]
[EventRounds "4"]
[EventCountry "CAN"]
[SourceTitle "EXT 2022"]
[Source "ChessBase"]
[SourceDate "2021.10.06"]
[SourceVersion "1"]
[SourceVersionDate "2021.10.06"]
[SourceQuality "1"]

1. Nf3 Nf6 2. b3 g6 3. Bb2 Bg7 4. g3 O-O 5. Bg2 c5 6. c4 Nc6 7. O-O d5 8. cxd5 Nxd5 9. Bxg7 Kxg7 10. Qc1 b6 11. Nc3 Bb7 12. Qb2 Kg8 13. Nxd5 Qxd5 14. Ne5 Qxe5 15. Qxe5 Nxe5 16. Bxb7 Rad8 17. f4 Ng4 18. Rad1 Rd6 19. h3 Nf6 20. d3 Rfd8 21. Rf3 Rd4 22. Rdf1 e6 23. Ba6 Ne8 24. g4 Nc7 25. Bb7 Nb5 26. e3 R4d6 27. a4 Nc7 28. f5 exf5 29. gxf5 Rxd3 30. fxg6 fxg6 31. Rf7 R3d7 32. Rxd7 Rxd7 33. e4 Rd3 34. e5 Re3 35. Rd1 Rxe5 36. Rd7 Ne8 37. Bd5+ Kh8 38. Bc6 Nf6 39. Rxa7 Re3 40. Rb7 Rxb3 41. a5 Ra3 42. axb6 c4 43. Rc7 c3 44. b7 Rb3 45. Ba4 Rb1+ 46. Kg2 Ng8 47. Bc2 Rb2 48. Kf3 Rb6 49. Be4 Ne7 50. Rxe7 c2 1-0

[Event "Winnipeg TNT July op"]
[Site "Winnipeg CAN"]
[Date "2011.07.26"]
[Round "4"]
[White "Milward, David"]
[Black "Kaptsan, Aron"]
[Result "1-0"]
[WhiteElo "1706"]
[BlackElo "2007"]
[PlyCount "68"]
[GameId "2160767909704144"]
[EventDate "2011.07.05"]
[EventType "swiss"]
[EventRounds "4"]
[EventCountry "CAN"]

1. e4 e6 2. d4 d5 3. e5 c5 4. c3 Nc6 5. f4 Qb6 6. Nf3 Bd7 7. Be2 Nh6 8. Qb3 Qxb3 9. axb3 cxd4 10. O-O Nf5 11. g4 Ne3 12. Bxe3 dxe3 13. Na3 Bc5 14. b4 Bb6 15. Kg2 O-O 16. Rfe1 a6 17. Nc2 f6 18. Ncd4 fxe5 19. fxe5 Nxd4 20. cxd4 Rf4 21. h3 Raf8 22. Rad1 Ba4 23. Rd3 Bc2 24. Rxe3 Be4 25. Kg3 Bxf3 26. Rxf3 Rxd4 27. Rxf8+ Kxf8 28. b5 axb5 29. Bxb5 Rb4 30. Bd7 Ke7 31. Bc8 Rxb2 32. Rc1 Bd4 33. Kf4 g5+ 34. Kxg5 Be3+ 1-0

[Event "Winnipeg TNT July op"]
[Site "Winnipeg CAN"]
[Date "2011.07.26"]
[Round "4"]
[White "Rutter, Blair"]
[Black "Milord, Frank"]
[Result "1-0"]
[WhiteElo "1876"]
[BlackElo "1662"]
[PlyCount "65"]
[GameId "2160767909704145"]
[EventDate "2011.07.05"]
[EventType "swiss"]
[EventRounds "4"]
[EventCountry "CAN"]
[SourceTitle "EXT 2022"]
[Source "ChessBase"]
[SourceDate "2021.10.06"]
[SourceVersion "1"]
[SourceVersionDate "2021.10.06"]
[SourceQuality "1"]

1. c4 e5 2. g3 Nf6 3. Bg2 Be7 4. e4 O-O 5. Nc3 d6 6. h3 Be6 7. d3 Nc6 8. Nge2 Ne8 9. O-O Qd7 10. Kh2 f5 11. f4 Rb8 12. Be3 fxe4 13. Nxe4 Nf6 14. Ng5 Bf5 15. Qd2 h6 16. Ne4 Nxe4 17. dxe4 Be6 18. Rac1 b5 19. cxb5 Rxb5 20. b3 Rfb8 21. f5 Bf7 22. Rc3 d5 23. Rfc1 d4 24. Rxc6 Bd6 25. Bxd4 exd4 26. Qxd4 Ra5 27. Rxc7 Qxc7 28. Rxc7 Bxc7 29. Qc3 Bb6 30. Qb2 Rd8 31. e5 Bd5 32. b4 Rxa2 33. Bxd5+ 1-0

[Event "Winnipeg TNT June op"]
[Site "Winnipeg CAN"]
[Date "2011.06.07"]
[Round "1"]
[White "Evans, Brian"]
[Black "Schulz, Waldemar"]
[Result "0-1"]
[WhiteElo "1553"]
[BlackElo "2018"]
[PlyCount "58"]
[GameId "2160767909704214"]
[EventDate "2011.06.07"]
[EventType "swiss"]
[EventRounds "4"]
[EventCountry "CAN"]
[SourceTitle "EXT 2022"]
[Source "ChessBase"]
[SourceDate "2021.10.06"]
[SourceVersion "1"]
[SourceVersionDate "2021.10.06"]
[SourceQuality "1"]

1. e4 c5 2. Nf3 e6 3. d4 cxd4 4. Nxd4 Nf6 5. Nc3 d6 6. Bb5+ Bd7 7. Bxd7+ Nbxd7 8. Bg5 a6 9. O-O Be7 10. f4 Qb6 11. Kh1 Qxb2 12. Na4 Qb4 13. c3 Qa5 14. Re1 O-O 15. Qb3 Rfe8 16. Qb4 Qc7 17. Qb3 b5 18. Nb2 Nc5 19. Qc2 Rac8 20. e5 Nd5 21. Bxe7 Nxe7 22. Rac1 Red8 23. Nf3 d5 24. Nd2 Nf5 25. Nd1 Na4 26. Nb1 Qc4 27. Qf2 b4 28. Ne3 Nxe3 29. Qxe3 bxc3 0-1

[Event "Winnipeg TNT June op"]
[Site "Winnipeg CAN"]
[Date "2011.06.07"]
[Round "1"]
[White "Joven, Perfecto"]
[Black "Gregoryanz, Philipp"]
[Result "1-0"]
[WhiteElo "1995"]
[BlackElo "1327"]
[PlyCount "79"]
[GameId "2160767909704215"]
[EventDate "2011.06.07"]
[EventType "swiss"]
[EventRounds "4"]
[EventCountry "CAN"]
[SourceTitle "EXT 2022"]
[Source "ChessBase"]
[SourceDate "2021.10.06"]
[SourceVersion "1"]
[SourceVersionDate "2021.10.06"]
[SourceQuality "1"]

1. Nf3 d5 2. g3 Nc6 3. d4 Bf5 4. c3 Nf6 5. Bg2 e6 6. O-O Bd6 7. Nbd2 O-O 8. Nh4 Ne7 9. Re1 c5 10. Nxf5 Nxf5 11. e4 dxe4 12. Nxe4 cxd4 13. Nxd6 Qxd6 14. Bxb7 Rad8 15. cxd4 Nxd4 16. Bg2 Rfe8 17. Qa4 e5 18. Be3 Qc7 19. Rac1 Qb6 20. b4 h6 21. Kh1 Ng4 22. Rc6 Qb8 23. Ra6 Re7 24. h3 Nf6 25. Bxh6 Rd6 26. Rxd6 Qxd6 27. Be3 Nd5 28. Bxd4 exd4 29. Rxe7 Nxe7 30. Qe8+ Kh7 31. Qxf7 Qf6 32. Qh5+ Kg8 33. Qe8+ Kh7 34. Be4+ g6 35. Qd7 a6 36. f4 Kh6 37. Kg2 Nf5 38. g4 Ne3+ 39. Kf3 Qh4 40. g5+ 1-0

[Event "Winnipeg TNT June op"]
[Site "Winnipeg CAN"]
[Date "2011.06.07"]
[Round "1"]
[White "Kernetsky, Myron"]
[Black "Iomdina, Alexander"]
[Result "0-1"]
[WhiteElo "2016"]
[BlackElo "1408"]
[PlyCount "73"]
[GameId "2160767909704216"]
[EventDate "2011.06.07"]
[EventType "swiss"]
[EventRounds "4"]
[EventCountry "CAN"]
[SourceTitle "EXT 2022"]
[Source "ChessBase"]
[SourceDate "2021.10.06"]
[SourceVersion "1"]
[SourceVersionDate "2021.10.06"]
[SourceQuality "1"]

1. d4 Nf6 2. c4 e6 3. Nf3 Bb4+ 4. Bd2 Qe7 5. a3 Bxd2+ 6. Qxd2 O-O 7. Nc3 b6 8. e4 d6 9. Bd3 Bb7 10. O-O Nfd7 11. Qe3 c5 12. d5 Nf6 13. Qg5 Bc8 14. Rfe1 e5 15. h3 Nbd7 16. Ne2 Rb8 17. Ng3 g6 18. Nf5 Qd8 19. Nxd6 Ba6 20. a4 Kh8 21. Nxe5 Kg7 22. Nexf7 Rxf7 23. Nxf7 Kxf7 24. e5 Nh5 25. e6+ Kg7 26. Qxd8 Rxd8 27. exd7 Rxd7 28. g3 Bc8 29. Re8 Rc7 30. Rae1 Bxh3 31. R1e7+ Rxe7 32. Rxe7+ Kf6 33. Rxa7 Ng7 34. Rb7 Ke5 35. Rxg7 Kd4 36. Be2 Bf5 37. d6 0-1

[Event "Winnipeg TNT June op"]
[Site "Winnipeg CAN"]
[Date "2011.06.07"]
[Round "1"]
[White "Leaden, Bruce"]
[Black "Kaptsan, Aron"]
[Result "0-1"]
[WhiteElo "1380"]
[BlackElo "2010"]
[PlyCount "54"]
[GameId "2160767909704217"]
[EventDate "2011.06.07"]
[EventType "swiss"]
[EventRounds "4"]
[EventCountry "CAN"]
[SourceTitle "EXT 2022"]
[Source "ChessBase"]
[SourceDate "2021.10.06"]
[SourceVersion "1"]
[SourceVersionDate "2021.10.06"]
[SourceQuality "1"]

1. d4 d5 2. Nf3 Nf6 3. Bf4 c5 4. c3 Nc6 5. e3 e6 6. Bb5 cxd4 7. Nxd4 Qb6 8. Bxc6+ bxc6 9. Qb3 Bd7 10. Nd2 c5 11. N4f3 Be7 12. h3 Bb5 13. a4 Ba6 14. Qxb6 axb6 15. b3 Nd7 16. c4 Bf6 17. Rc1 O-O 18. O-O h6 19. Rfe1 e5 20. Bg3 d4 21. exd4 exd4 22. Ne4 Rfe8 23. Nxf6+ gxf6 24. Rxe8+ Rxe8 25. Re1 Re6 26. Kf1 Bb7 27. Nd2 Bxg2+ 0-1

[Event "Winnipeg TNT June op"]
[Site "Winnipeg CAN"]
[Date "2011.06.07"]
[Round "1"]
[White "Li, Kevin"]
[Black "Campbell, Gary"]
[Result "1-0"]
[WhiteElo "2187"]
[BlackElo "1731"]
[PlyCount "31"]
[GameId "2160767909704218"]
[EventDate "2011.06.07"]
[EventType "swiss"]
[EventRounds "4"]
[EventCountry "CAN"]
[SourceTitle "EXT 2022"]
[Source "ChessBase"]
[SourceDate "2021.10.06"]
[SourceVersion "1"]
[SourceVersionDate "2021.10.06"]
[SourceQuality "1"]

1. e4 e6 2. d4 d5 3. Nc3 Nf6 4. Bg5 Be7 5. Bxf6 gxf6 6. exd5 e5 7. dxe5 fxe5 8. Qh5 Nd7 9. Bb5 Bd6 10. Nf3 Qe7 11. O-O-O Kf8 12. Ne4 f6 13. Nh4 Qf7 14. Qh6+ Qg7 15. Qxg7+ Kxg7 16. Nf5+ 1-0

[Event "Winnipeg TNT June op"]
[Site "Winnipeg CAN"]
[Date "2011.06.07"]
[Round "1"]
[White "Lipic, Stephen"]
[Black "Milward, David"]
[Result "0-1"]
[WhiteElo "1876"]
[BlackElo "1682"]
[PlyCount "58"]
[GameId "2160767909704219"]
[EventDate "2011.06.07"]
[EventType "swiss"]
[EventRounds "4"]
[EventCountry "CAN"]

1. e4 c5 2. f4 e6 3. Nf3 Nc6 4. b3 d6 5. Bb2 Qc7 6. Bb5 Bd7 7. Bxc6 Bxc6 8. d3 Nf6 9. O-O Be7 10. Qe1 O-O-O 11. a3 h5 12. b4 d5 13. Ne5 Rdf8 14. Nc3 d4 15. Ne2 Ng4 16. Nc4 g5 17. h3 gxf4 18. hxg4 f3 19. gxf3 hxg4 20. Qg3 Qd8 21. fxg4 f5 22. Ne5 Rh4 23. Nf4 Rg8 24. Nfg6 Rxg6 25. Nxg6 Rxg4 26. Qxg4 fxg4 27. Rf7 Bd6 28. Raf1 Qg5 29. R7f6 Qe3+ 0-1

[Event "Winnipeg TNT June op"]
[Site "Winnipeg CAN"]
[Date "2011.06.07"]
[Round "1"]
[White "Mundwiler, Les"]
[Black "Wolchock, Theo"]
[Result "1/2-1/2"]
[WhiteElo "2049"]
[BlackElo "1660"]
[PlyCount "81"]
[GameId "2160767909704220"]
[EventDate "2011.06.07"]
[EventType "swiss"]
[EventRounds "4"]
[EventCountry "CAN"]
[SourceTitle "EXT 2022"]
[Source "ChessBase"]
[SourceDate "2021.10.06"]
[SourceVersion "1"]
[SourceVersionDate "2021.10.06"]
[SourceQuality "1"]

1. d4 e6 2. g3 Nf6 3. Bg2 Be7 4. Nf3 O-O 5. O-O Nc6 6. c4 d5 7. Bg5 Re8 8. Qc2 h6 9. Bxf6 Bxf6 10. Rd1 Bd7 11. a3 a5 12. cxd5 exd5 13. Nc3 Be6 14. Na4 Bg4 15. e3 Qd7 16. Nc5 Qc8 17. Rac1 Ne7 18. e4 b6 19. e5 Bg5 20. Nxg5 Bxd1 21. Qh7+ Kf8 22. Nce6+ fxe6 23. Rxc7 hxg5 24. Rxc8 Rexc8 25. Qd3 Rc1 26. Qd2 Rac8 27. h3 Bf3+ 28. Kh2 Bxg2 29. Kxg2 R1c2 30. Qxg5 Rxb2 31. h4 Rcc2 32. h5 Rxf2+ 33. Kh3 Rbd2 34. Qe3 Nf5 35. Qc3 Rh2+ 36. Kg4 Rc2 37. Qe1 Nh6+ 38. Kg5 Nf7+ 39. Kg6 Nh8+ 40. Kg5 Nf7+ 41. Kg6 1/2-1/2

[Event "Winnipeg TNT June op"]
[Site "Winnipeg CAN"]
[Date "2011.06.07"]
[Round "1"]
[White "Pang, Michael"]
[Black "Babb, Jeff"]
[Result "1/2-1/2"]
[WhiteElo "1784"]
[BlackElo "2204"]
[PlyCount "89"]
[GameId "2160767909704221"]
[EventDate "2011.06.07"]
[EventType "swiss"]
[EventRounds "4"]
[EventCountry "CAN"]
[SourceTitle "EXT 2022"]
[Source "ChessBase"]
[SourceDate "2021.10.06"]
[SourceVersion "1"]
[SourceVersionDate "2021.10.06"]
[SourceQuality "1"]

1. e4 e5 2. Nf3 Nc6 3. Bb5 a6 4. Ba4 Nf6 5. O-O Nxe4 6. d4 b5 7. Bb3 d5 8. Nxe5 Nxe5 9. dxe5 c6 10. Nd2 Bf5 11. Qf3 Qd7 12. Nxe4 Bxe4 13. Qe3 Be7 14. Rd1 Bxg2 15. e6 fxe6 16. Kxg2 e5 17. Qh3 Qxh3+ 18. Kxh3 O-O 19. Be3 Kh8 20. c3 Rf3+ 21. Kg2 Raf8 22. Rg1 Bd6 23. Bd1 R3f6 24. Bg4 d4 25. cxd4 exd4 26. Bxd4 Rf4 27. Bxg7+ Kxg7 28. f3 h5 29. Bxh5 Rh4 30. Kf1+ Kh6 31. Bg4 Rxh2 32. Rg2 Rh1+ 33. Rg1 Rxg1+ 34. Kxg1 Kg5 35. Rd1 Rf6 36. Kg2 a5 37. Bd7 Be5 38. Rc1 Rd6 39. Bxc6 Rd2+ 40. Kf1 Rxb2 41. Rc5 Kf4 42. a4 bxa4 43. Rc4+ Kf5 44. Rxa4 Rb1+ 45. Ke2 1/2-1/2

[Event "Winnipeg TNT June op"]
[Site "Winnipeg CAN"]
[Date "2011.06.07"]
[Round "1"]
[White "Pottinger, Carl"]
[Black "Baron, Cody"]
[Result "1-0"]
[WhiteElo "1893"]
[BlackElo "1288"]
[PlyCount "55"]
[GameId "2160767909704222"]
[EventDate "2011.06.07"]
[EventType "swiss"]
[EventRounds "4"]
[EventCountry "CAN"]
[SourceTitle "EXT 2022"]
[Source "ChessBase"]
[SourceDate "2021.10.06"]
[SourceVersion "1"]
[SourceVersionDate "2021.10.06"]
[SourceQuality "1"]

1. c4 e5 2. g3 Nc6 3. Bg2 Nf6 4. Nc3 Bc5 5. e3 O-O 6. Nge2 b6 7. O-O Bb7 8. d4 exd4 9. exd4 Bb4 10. Bg5 h6 11. Bxf6 Qxf6 12. Nd5 Qd6 13. a3 Ba5 14. b4 Ba6 15. Qc2 b5 16. c5 Qe6 17. bxa5 Rac8 18. Rfd1 b4 19. Nef4 Qe8 20. axb4 Ne7 21. Re1 Rb8 22. Nxe7+ Kh8 23. Neg6+ fxg6 24. Rxe8 Rfxe8 25. Nxg6+ Kg8 26. Bd5+ Kh7 27. Nf8+ Kh8 28. Qh7# 1-0

[Event "Winnipeg TNT June op"]
[Site "Winnipeg CAN"]
[Date "2011.06.07"]
[Round "1"]
[White "Reimer, Bruce"]
[Black "Melamedoff, Gustavo"]
[Result "0-1"]
[WhiteElo "1672"]
[BlackElo "2060"]
[PlyCount "52"]
[GameId "2160767909704223"]
[EventDate "2011.06.07"]
[EventType "swiss"]
[EventRounds "4"]
[EventCountry "CAN"]
[SourceTitle "EXT 2022"]
[Source "ChessBase"]
[SourceDate "2021.10.06"]
[SourceVersion "1"]
[SourceVersionDate "2021.10.06"]
[SourceQuality "1"]

1. c4 e5 2. g3 Nf6 3. Bg2 c6 4. e4 Bc5 5. Nc3 b5 6. cxb5 cxb5 7. Nge2 b4 8. Nd5 Ba6 9. O-O Nxd5 10. exd5 d6 11. Qa4+ Qd7 12. Qxd7+ Nxd7 13. Re1 Nf6 14. d4 exd4 15. Nxd4+ Kf8 16. Nf5 Bd3 17. Ne3 Re8 18. Bd2 Ne4 19. Bxe4 Bxe4 20. Rac1 h5 21. Red1 Bf3 22. Re1 g6 23. b3 h4 24. Nc2 hxg3 25. Rxe8+ Kxe8 26. Re1+ Kd7 0-1

[Event "Winnipeg TNT June op"]
[Site "Winnipeg CAN"]
[Date "2011.06.07"]
[Round "1"]
[White "Schwartz, Leah"]
[Black "Rutter, Blair"]
[Result "0-1"]
[WhiteElo "1251"]
[BlackElo "1881"]
[PlyCount "74"]
[GameId "2160767909704224"]
[EventDate "2011.06.07"]
[EventType "swiss"]
[EventRounds "4"]
[EventCountry "CAN"]
[SourceTitle "EXT 2022"]
[Source "ChessBase"]
[SourceDate "2021.10.06"]
[SourceVersion "1"]
[SourceVersionDate "2021.10.06"]
[SourceQuality "1"]

1. e4 e6 2. Nf3 c5 3. Nc3 Nc6 4. g3 d6 5. Bg2 g6 6. O-O Bg7 7. d3 Rb8 8. Be3 Bd7 9. Qd2 a6 10. Rad1 Nge7 11. Bg5 b5 12. d4 cxd4 13. Ne2 e5 14. Bh6 O-O 15. Rc1 Na5 16. c3 Nc4 17. Qg5 f6 18. Qh4 d3 19. b3 Nb6 20. Rfe1 dxe2 21. Rxe2 Qe8 22. Bxg7 Kxg7 23. Rd1 d5 24. exd5 Nbxd5 25. c4 Nc3 26. Red2 Nxd1 27. Rxd1 Bf5 28. g4 Be6 29. Ng5 fxg5 30. Qxg5 Qf7 31. Qxe5+ Qf6 32. f4 Qxe5 33. fxe5 bxc4 34. bxc4 Bxg4 35. Rd4 Rb1+ 36. Bf1 Bh3 37. c5 Rbxf1# 0-1

[Event "Winnipeg TNT June op"]
[Site "Winnipeg CAN"]
[Date "2011.06.07"]
[Round "1"]
[White "Wolchock, Joe"]
[Black "Czypinski, Jaroslaw"]
[Result "0-1"]
[WhiteElo "1323"]
[BlackElo "1927"]
[PlyCount "28"]
[GameId "2160767909704225"]
[EventDate "2011.06.07"]
[EventType "swiss"]
[EventRounds "4"]
[EventCountry "CAN"]
[SourceTitle "EXT 2022"]
[Source "ChessBase"]
[SourceDate "2021.10.06"]
[SourceVersion "1"]
[SourceVersionDate "2021.10.06"]
[SourceQuality "1"]

1. e4 e5 2. Nf3 Nc6 3. Nc3 Nf6 4. Bd3 Bc5 5. O-O d6 6. Bc4 Bg4 7. h3 Bh5 8. d3 Nd4 9. a3 Qd7 10. Qd2 Nxf3+ 11. gxf3 Qxh3 12. Qg5 Bxf3 13. Bb5+ c6 14. Qxg7 Qh1# 0-1

[Event "Winnipeg TNT June op"]
[Site "Winnipeg CAN"]
[Date "2011.06.14"]
[Round "2"]
[White "Baron, Cody"]
[Black "Schwartz, Leah"]
[Result "1-0"]
[WhiteElo "1288"]
[BlackElo "1251"]
[PlyCount "98"]
[GameId "2160767909704226"]
[EventDate "2011.06.07"]
[EventType "swiss"]
[EventRounds "4"]
[EventCountry "CAN"]
[SourceTitle "EXT 2022"]
[Source "ChessBase"]
[SourceDate "2021.10.06"]
[SourceVersion "1"]
[SourceVersionDate "2021.10.06"]
[SourceQuality "1"]

1. e4 c5 2. Nc3 d6 3. Nf3 Nf6 4. d4 cxd4 5. Nxd4 g6 6. Bf4 Bg7 7. Qe2 O-O 8. O-O-O Nc6 9. e5 dxe5 10. Ne6 Bxe6 11. Rxd8 Raxd8 12. Bxe5 Nb4 13. b3 Bh6+ 14. f4 g5 15. Bxf6 gxf4 16. Qh5 Bg7 17. Bxg7 Kxg7 18. Qg5+ Kh8 19. Qxe7 Nc6 20. Qf6+ Kg8 21. Qxf4 Rd4 22. Qc7 Rc8 23. Qxb7 a5 24. Bc4 Nd8 25. Qb6 Rg4 26. Rd1 Nc6 27. Ba6 Re8 28. Qxc6 Rf8 29. Nb5 Rg6 30. Qc7 Rxg2 31. Bb7 Rg7 32. Rd8 f5 33. Rxf8+ Kxf8 34. Qd8+ Kf7 35. Nd6+ Kg6 36. Bc8 Rg8 37. Qe7 Bxc8 38. Qf7+ Kg5 39. Qxg8+ Kf4 40. Qxc8 h5 41. Qxf5+ Ke3 42. Qxa5 Kf2 43. c4 Kg2 44. c5 Kxh2 45. c6 Kg3 46. Qxh5 Kf2 47. c7 Ke3 48. Ne4 Kxe4 49. c8=Q Kd4 1-0

[Event "Winnipeg TNT June op"]
[Site "Winnipeg CAN"]
[Date "2011.06.14"]
[Round "2"]
[White "Bince, Rolando"]
[Black "Mundwiler, Les"]
[Result "0-1"]
[WhiteElo "2090"]
[BlackElo "2049"]
[PlyCount "90"]
[GameId "2160767909704227"]
[EventDate "2011.06.07"]
[EventType "swiss"]
[EventRounds "4"]
[EventCountry "CAN"]
[SourceTitle "EXT 2022"]
[Source "ChessBase"]
[SourceDate "2021.10.06"]
[SourceVersion "1"]
[SourceVersionDate "2021.10.06"]
[SourceQuality "1"]

1. e4 e5 2. f4 exf4 3. Nf3 Ne7 4. d4 Ng6 5. h4 h5 6. Bc4 Be7 7. Qe2 d6 8. Qf2 Bg4 9. Nbd2 c6 10. Ng5 Bxg5 11. hxg5 Qxg5 12. Nf3 Qe7 13. O-O O-O 14. Bd3 Nd7 15. Nh2 f5 16. Re1 Qg5 17. Bd2 fxe4 18. Bxe4 Bf5 19. Nf3 Qg4 20. Nh2 Qg3 21. Nf1 Qxf2+ 22. Kxf2 d5 23. Bxf5 Rxf5 24. Re6 Kf7 25. Rae1 Nf6 26. R6e2 Ne4+ 27. Kg1 Nh4 28. Nh2 g5 29. Nf3 Ng6 30. Bb4 g4 31. Nd2 f3 32. gxf3 gxf3 33. Nxe4 dxe4 34. Rf2 Re8 35. Bd2 Nf4 36. Bxf4 Rxf4 37. Re3 Rg8+ 38. Kf1 Rh4 39. Ke1 Rg2 40. Rxg2 fxg2 41. Kf2 Rg4 42. Kg1 Ke6 43. c4 Kf5 44. b4 Kf4 45. Re1 Kf3 0-1

[Event "Winnipeg TNT June op"]
[Site "Winnipeg CAN"]
[Date "2011.06.14"]
[Round "2"]
[White "Campbell, Gary"]
[Black "Leaden, Bruce"]
[Result "0-1"]
[WhiteElo "1731"]
[BlackElo "1380"]
[PlyCount "42"]
[GameId "2160767909704228"]
[EventDate "2011.06.07"]
[EventType "swiss"]
[EventRounds "4"]
[EventCountry "CAN"]
[SourceTitle "EXT 2022"]
[Source "ChessBase"]
[SourceDate "2021.10.06"]
[SourceVersion "1"]
[SourceVersionDate "2021.10.06"]
[SourceQuality "1"]

1. d4 d5 2. c4 e6 3. Nc3 Nf6 4. Bg5 Be7 5. cxd5 exd5 6. e3 h6 7. Bxf6 Bxf6 8. Qc2 Be6 9. Bd3 Nd7 10. b4 c6 11. b5 O-O 12. bxc6 bxc6 13. Nge2 Rb8 14. O-O Nb6 15. Rfc1 Qe7 16. Na4 Nxa4 17. Qxa4 c5 18. Rxc5 Qxc5 19. dxc5 Bxa1 20. Nd4 Rfc8 21. Nc6 Rb7 0-1

[Event "Winnipeg TNT June op"]
[Site "Winnipeg CAN"]
[Date "2011.06.14"]
[Round "2"]
[White "Czypinski, Jaroslaw"]
[Black "Kernetsky, Myron"]
[Result "1-0"]
[WhiteElo "1927"]
[BlackElo "2016"]
[PlyCount "61"]
[GameId "2160767909704229"]
[EventDate "2011.06.07"]
[EventType "swiss"]
[EventRounds "4"]
[EventCountry "CAN"]
[SourceTitle "EXT 2022"]
[Source "ChessBase"]
[SourceDate "2021.10.06"]
[SourceVersion "1"]
[SourceVersionDate "2021.10.06"]
[SourceQuality "1"]

1. e4 e6 2. c4 d5 3. exd5 exd5 4. cxd5 Nf6 5. Bb5+ Nbd7 6. Nf3 Be7 7. O-O O-O 8. d4 Nb6 9. Nc3 Nbxd5 10. Re1 Bf5 11. Bg5 h6 12. Bh4 Nf4 13. Bg3 Ng6 14. Nh4 Nxh4 15. Bxh4 c6 16. Bc4 Rc8 17. Bb3 Rc7 18. d5 Nxd5 19. Nxd5 cxd5 20. Rxe7 Rxe7 21. Bxe7 Qxe7 22. Qxd5 Bg6 23. Rd1 Re8 24. h3 Be4 25. Qd2 Bc6 26. Bd5 Rd8 27. Bxf7+ Kxf7 28. Qxd8 Qe4 29. Qc7+ Kg8 30. Qd8+ Kh7 31. Qd3 1-0